Az iglói általános ipartestület rendes évi közgyűlése

Spiškonovoveský priemyselný spolok mal 24. 1. 1915 valné zhromaždenie za predsedníctva Józsefa Schmidta, ktorý predniesol úvodnú reč o stave spoločnosti a spolku počas vojny. Potom nasledovala účtovné uzávierka roka 1914 a rozpočet na rok 1915 a nakoniec voľby nových funkcionárov spolku. Záver článk...

Celý popis

Podrobná bibliografia
Médium: Článok
Jazyk:Hungarian
Témy:
Zdroj: 1. Szepesi Lapok : Politikai És Tátrai Ujság 1. Roč. 31, č. 14 (31. 2. 1915), s. 3
LEADER 01468nab#a2200349#ar4500
001 000122158
003 SVKKK
005 20180307152136.0
008 171121d1915 xo |||||||||||||||b|hun
FMT
038 |a SVKKK 
040 |a SVKKK  |b slo  |e AACR2 
041 0 |a hun 
044 |a xo  |c SK 
080 |a 351.752.1  |2 2011 
080 |a 06.042  |2 2011 
242 1 0 |a Výročné valné zhromaždenie spiškonovoveského priemyselného spolku 
245 1 3 |a Az iglói általános ipartestület rendes évi közgyűlése 
520 3 |a Spiškonovoveský priemyselný spolok mal 24. 1. 1915 valné zhromaždenie za predsedníctva Józsefa Schmidta, ktorý predniesol úvodnú reč o stave spoločnosti a spolku počas vojny. Potom nasledovala účtovné uzávierka roka 1914 a rozpočet na rok 1915 a nakoniec voľby nových funkcionárov spolku. Záver článku obsahuje menný zoznam aktuálnych funkcionárov a členov spolku ako aj zoznam ich protikandidátov. 
545 |a Különfélék 
600 1 4 |a Schmidt, József,  |d 1873-1917  |x kníhtlačiar  |x predseda spiškonovoveského priemyselného spolku  |y 1914  |z Spišská Nová Ves (Slovensko) 
648 0 4 |a 1914 
650 0 4 |a spolky 
650 0 4 |a valné zhromaždenia 
651 4 |a Spišská Nová Ves (Slovensko) 
773 0 |t Szepesi Lapok : Politikai És Tátrai Ujság  |g Roč. 31, č. 14 (31. 2. 1915), s. 3 
958 |a HU 
974 |a vsz 
992 |a RBX 
BAS
852 |a SVKKK  |b BIB 
998 |a RETRO